000 nam a22 a 4500
999 _c4486
_d4486
003 AKMAL
005 20170530143204.0
008 17 s2005 my | e l 000 0 eng d
020 _a9678907887 (kkt.)
040 _cAKMAL
082 _a346.595072 JUA
090 0 0 _a346.595072
_bJUA
110 1 _aMalaysia
_9400
245 1 0 _aAkta Jualan Barangan 1957 (Akta 382)
_bHingga 5hb Januari 2005
260 _aPetaling Jaya :
_bInternational Law Book Services,
_c2005
300 _a26p. ;
_c22cm.
650 1 0 _aSales
_zMalaysia
_98695
650 2 0 _aCommercial law
_zMalaysia
_93703
942 _2ddc
_cBOOK